Bengkel Pemurnian Bahan dan Dokumentasi Projek Horizon Baharu Kumpulan Inovatif dan Kreatif (HBKIK)

Bibliographic Details
Format: Book
Language:Malay
Published: Kajang : Institut Penilaian Negara (INSPEN) 2025
Series:Program Latihan 2025
Subjects:

MARC

LEADER 00000cam a2200000 7i4500
001 0000031287
005 20260223.0
008 260210 my a may
040 |a INS   |b eng   |c INS   |e rda 
090 0 0 |a M666 
245 1 0 |a Bengkel Pemurnian Bahan dan Dokumentasi Projek Horizon Baharu Kumpulan Inovatif dan Kreatif (HBKIK) 
264 1 |a Kajang :   |b Institut Penilaian Negara (INSPEN)   |c 2025 
300 |a 1 Course moduls ;   |c Various pagination. 
336 |a text  |2 rdacontent 
337 |a unmediated  |2 rdamedia 
338 |a volume  |2 rdacarrier 
650 0 |a Creative ability in business 
650 0 |a In-service training 
650 0 |a Organizational innovation 
650 0 |a Project management 
650 0 |a Technical writing 
653 0 |a Horizon Baharu 
653 0 |a Kumpulan Inovatif dan Kreatif (HBKIK) 
830 0 |a Program Latihan 2025 
999 |a M000001408   |b BOOK   |c Course Notes   |e Default branch